| 000 | 01433nam1a2200289 i 4500 | ||
|---|---|---|---|
| 001 | RU\NLR\bibl\1981661 | ||
| 005 | 20241225200629.0 | ||
| 035 | _a(NLR Aleph) 001970331 | ||
| 090 |
_a3946613 _c3946613 |
||
| 100 | _a20121221g20119999u y0rusy50 ca | ||
| 101 | 0 | _arus | |
| 102 | _aRU | ||
| 105 | _a||||j ||||| | ||
| 200 | 1 |
_aУпражнения и задачи по органической химии _eучебно-методическое пособие _fА.С. Хомченко, А.Е. Просенко _gМ-во образования и науки РФ, ГОУ ВПО "Новосибирский гос. пед. ун-т", Ин-т естеств. и соц.-экон. наук |
|
| 210 |
_aНовосибирск _cГОУ ВПО "Новосибирский государственный педагогический университет" _d2011 |
||
| 215 | _d21 | ||
| 463 | 0 | _10011897661 | |
| 606 | 1 |
_aЕстественные газы _xПереработка _xОтходы _xУтилизация _91540915 _3RU\NLR\auth\66973032 |
|
| 686 | _aГ2я73-4 | ||
| 700 | 1 |
_aХомченко _bА. С. _gАлексей Сергеевич _4070 |
|
| 701 | 1 |
_aПросенко _bА. Е. _gАлександр Евгеньевич _4070 |
|
| 801 | 0 |
_aRU _bNLR _c20121221 _gRCR |
|
| 801 | 1 |
_aRU _bNLR _c20121221 |
|
| 852 |
_aNLR _j2012-4/4276 |
||
| 942 | _cBOOK | ||
| 980 | _aNBR | ||